MANAGEMENT AND ORGANISATIONAL BEHAVIOUR (Record no. 8041)

MARC details
000 -LEADER
fixed length control field 00452nam a22001697a 4500
005 - DATE AND TIME OF LATEST TRANSACTION
control field 20221215130656.0
008 - FIXED-LENGTH DATA ELEMENTS--GENERAL INFORMATION
fixed length control field 221215b |||||||| |||| 00| 0 eng d
020 ## - INTERNATIONAL STANDARD BOOK NUMBER
ISBN 978-93-5051-328-6
041 ## - LANGUAGE CODE
Language code of text/sound track or separate title eng
082 ## - DEWEY DECIMAL CLASSIFICATION NUMBER
Classification number 658.3-ASW-M
100 ## - MAIN ENTRY--AUTHOR NAME
Personal name ASWATHAPPA,K AND SUDARSANA,REDDY
245 ## - TITLE STATEMENT
Title MANAGEMENT AND ORGANISATIONAL BEHAVIOUR
250 ## - EDITION STATEMENT
Edition statement 2nd ed.
260 ## - PUBLICATION, DISTRIBUTION, ETC. (IMPRINT)
Place of publication MUMBAI
Name of publisher HIMALAYA PUBLISHING HOUSE
Year of publication 2020
300 ## - PHYSICAL DESCRIPTION
Number of Pages 626;P.
942 ## - ADDED ENTRY ELEMENTS (KOHA)
Koha item type Books
Holdings
Lost status Damaged status Collection code Home library Current library Shelving location Date acquired Source of acquisition Cost, normal purchase price Full call number Accession Number Koha item type
    MANAGEMENT JRU Library JRU Library SHELF-64-F 06/10/2022 DONATED 698.00 658.3-ASW-M 26861 Books